Armas en fuga (Registro nro. 31186)

Detalles MARC
000 -LEADER
fixed length control field 00335 a2200121 4500
001 - CONTROL NUMBER
control field ART_46801
005 - DATE AND TIME OF LATEST TRANSACTION
control field 20260410162000.0
008 - FIXED-LENGTH DATA ELEMENTS--GENERAL INFORMATION
fixed length control field 260409a
100 1# - MAIN ENTRY--PERSONAL NAME
Personal name Caverley, Jonathan
245 10 - TITLE STATEMENT
Title Armas en fuga
700 1# - ADDED ENTRY--PERSONAL NAME
Personal name Kapstein, Ethan
773 0# - HOST ITEM ENTRY
Title Archivos del presente
Related parts - Año 16, Nº 59 (jun. 2012)
Record control number REV28180

No hay ítems disponibles.